Contribution à l'aménagement de la berge Est de la lagune (Record no. 49115)
[ view plain ]
| 000 -LEADER | |
|---|---|
| fixed length control field | 00813nam a22002657a 4500 |
| 003 - CONTROL NUMBER IDENTIFIER | |
| control field | 0 |
| 005 - DATE AND TIME OF LATEST TRANSACTION | |
| control field | 20160609170526.0 |
| 008 - FIXED-LENGTH DATA ELEMENTS--GENERAL INFORMATION | |
| fixed length control field | 110221t xxu||||| |||| 00| 0 eng d |
| 037 ## - SOURCE OF ACQUISITION | |
| Stock number | M16722 |
| Source of stock number/acquisition | BIBLIO |
| 040 ## - SOURCE DU CATALOGAGE | |
| Original cataloging agency | BUAC |
| Language of cataloging | Fr. |
| Transcribing agency | EPAC |
| 082 ## - DEWEY DECIMAL CLASSIFICATION NUMBER | |
| Classification number | 26.APE/DOS |
| 100 ## - VEDETTE PRINCIPALE - NOM DE PERSONNE | |
| Personal name | Comlan, Eurice, Milord, DOSSEVI |
| 9 (RLIN) | 14882 |
| 245 ## - TITLE STATEMENT | |
| Title | Contribution à l'aménagement de la berge Est de la lagune |
| 250 ## - EDITION STATEMENT | |
| Edition statement | EPAC |
| 260 ## - PUBLICATION, DISTRIBUTION, ETC. (IMPRINT) | |
| Place of publication, distribution, etc | BUAC |
| Name of publisher, distributor, etc | EPAC |
| Date of publication, distribution, etc | 2007 |
| 300 ## - PHYSICAL DESCRIPTION | |
| Extent | 87 p |
| Other physical details | Couv. et ill. en coul. |
| Dimensions | 30cm |
| 500 ## - GENERAL NOTE | |
| General note | Mém (M.) , Env.; EPAC /UAC. : 2007 |
| 504 ## - BIBLIOGRAPHY, ETC. NOTE | |
| Bibliography, etc | Réf. bibliogr. : p 78 - p 80 annexes : questionnaire ; notes d'information |
| 630 ## - SUBJECT ADDED ENTRY--UNIFORM TITLE | |
| Uniform title | ENVIRONNEMENT |
| 9 (RLIN) | 14883 |
| 650 ## - SUBJECT ADDED ENTRY--TOPICAL TERM | |
| Topical term or geographic name as entry element | ESPACE |
| 9 (RLIN) | 14884 |
| 650 ## - SUBJECT ADDED ENTRY--TOPICAL TERM | |
| Topical term or geographic name as entry element | :AMENAGEMENT |
| 9 (RLIN) | 14885 |
| 653 ## - INDEX TERM--UNCONTROLLED | |
| Uncontrolled term | entretien |
| 700 ## - ADDED ENTRY--PERSONAL NAME | |
| Personal name | AHISSOU, Joseph |
| 9 (RLIN) | 14886 |
| 942 ## - ADDED ENTRY ELEMENTS (KOHA) | |
| Koha item type | Thèse et Memoire |
| Withdrawn status | Lost status | Damaged status | Not for loan | Location (home branch) | Sublocation or collection (holding branch) | Date acquired | Source of acquisition | Koha issues (times borrowed) | Koha full call number | Piece designation (barcode) | Koha date last seen | Copy number | Price effective from | Koha item type | Public note |
|---|---|---|---|---|---|---|---|---|---|---|---|---|---|---|---|
| Bibliothèque Ecole Polytechnique d'Abomey-Calavi | Bibliothèque Ecole Polytechnique d'Abomey-Calavi | 21/02/2011 | DON | 26.APE/DOS | M16723EPAC | 21/02/2011 | 1 | 21/02/2011 | Thèse et Memoire | Prêt à domicile |